| 000 | 00963nam a2200241Ia 4500 | ||
|---|---|---|---|
| 003 | GCL | ||
| 008 | 140319s9999 xx 000 0 ara d | ||
| 040 |
_aGCL / _cGCL |
||
| 082 | 0 | 4 |
_a780.9 _bث ر |
| 100 | 1 | _aثروت عكاشة | |
| 245 | 1 | 0 |
_aالزمن ونسيج النغم: من نشيد ابوللو الى تورانجاليلا / _cثروت عكاشة |
| 300 | _a540 ص | ||
| 490 |
_aتاريخ الفن : العين تسمع والاذن ترى _v0 |
||
| 650 | 0 | 4 | _aالموسيقى |
| 650 | 0 | 4 | _aالموسيقى - تاريخ ونقد |
| 650 | 0 | 4 | _aالموسيقيون - تراجم |
| 650 | 0 | 4 | _aالموسيقى - تاريخ ونقد - العصرالقديم |
| 650 | 0 | 4 | _aالموسيقى - تاريخ ونقد - العصرالحديث |
| 650 | 0 | 4 | _aالموسيقى - العصر الكلاسيكى |
| 650 | 0 | 4 | _aالموسيقى - عصر النهضة |
| 650 | 0 | 4 | _aالموسيقى - العصر الرومانتيكى |
| 942 |
_2ddc _cBK |
||
| 999 |
_c50055 _d50055 |
||